[Event "HUN-chT2 Barcza 0708"]
[Site "Hungary"]
[Date "2007.11.11"]
[Round "2"]
[White "Borsavolgyi, Tamas"]
[Black "Korpas, Zoltan"]
[Result "1/2-1/2"]
[WhiteElo "2285"]
[BlackElo "2135"]
[PlyCount "79"]
[EventDate "2007.10.14"]
[EventType "team"]
[EventRounds "11"]
[EventCountry "HUN"]
[SourceTitle "EXT 2009"]
[Source "ChessBase"]
[SourceDate "2008.11.26"]
[SourceVersion "1"]
[SourceVersionDate "2008.11.26"]
[SourceQuality "1"]
[WhiteTeam "Hajduszoboszlo"]
[BlackTeam "Tiszavasvar"]
[WhiteTeamCountry "HUN"]
[BlackTeamCountry "HUN"]

1. e4 d5 2. exd5 Qxd5 3. d4 Nf6 4. Nf3 Bg4 5. Be2 c6 6. h3 Bxf3 7. Bxf3 Qd8 8. 0-0 e6 9. c4 Be7 10. Nc3 0-0 11. Re1 Qc7 12. Qe2 Bd6 13. d5 exd5 14. cxd5 Nbd7 15. dxc6 bxc6 16. Qa6 Ne5 17. Be2 Rfe8 18. Be3 Qe7 19. Rac1 Qe6 20. Qa4 a5 21. Bf1 Qf5 22. Qc2 Qh5 23. Qd1 Qxd1 24. Rexd1 Bc7 25. Nb5 Bb8 26. Nd4 Ba7 27. Nxc6 Bxe3 28. fxe3 Nxc6 29. Rxc6 Rxe3 30. Ra6 Rxa6 31. Bxa6 g6 32. Bc4 Re4 33. b3 a4 34. Rd6 axb3 35. Bxb3 Kg7 36. Ra6 Re1+ 37. Kh2 Nd7 38. Ra7 Ne5 39. a4 h5 40. Rb7 1/2-1/2

[Event "HUN-chT2 Barcza 0607"]
[Site "Hungary"]
[Date "2007.04.15"]
[Round "8"]
[White "Korpas, Zoltan"]
[Black "Herman, Tamas"]
[Result "0-1"]
[WhiteElo "2128"]
[BlackElo "2265"]
[PlyCount "76"]
[EventDate "2006.11.12"]
[EventType "team"]
[EventRounds "11"]
[EventCountry "HUN"]
[SourceTitle "EXT 2008"]
[Source "ChessBase"]
[SourceDate "2007.11.25"]
[SourceVersion "1"]
[SourceVersionDate "2007.11.25"]
[SourceQuality "1"]
[WhiteTeam "Tiszavasvar"]
[BlackTeam "Tiszaujvaros"]
[WhiteTeamCountry "HUN"]
[BlackTeamCountry "HUN"]

1. Nf3 Nf6 2. g3 d5 3. Bg2 c6 4. 0-0 Bg4 5. d4 Nbd7 6. c4 e6 7. b3 Bd6 8. Bb2 h5 9. Ne5 Bf5 10. h3 Qc7 11. f4 Ne4 12. Bxe4 Bxe4 13. Nc3 Bf5 14. Kg2 f6 15. Nd3 Kf7 16. Rc1 Rag8 17. cxd5 exd5 18. Nb5 Qb8 19. Nxd6+ Qxd6 20. Rc3 Qe6 21. Nf2 Re8 22. e3 Nb6 23. a4 Nc8 24. Ba3 Nd6 25. Kh2 Qd7 26. Bc5 a6 27. Qc1 Ne4 28. Nxe4 Rxe4 29. h4 g5 30. fxg5 fxg5 31. hxg5 h4 32. Rf4 hxg3+ 33. Kxg3 Rh3+ 34. Kf2 Kg6 35. Rf3 Rxf3+ 36. Kxf3 Rh4 37. Qg1 Bg4+ 38. Kf2 Qf5+ 0-1

[Event "HUN-chT2 Barcza 0607"]
[Site "Hungary"]
[Date "2006.11.12"]
[Round "1"]
[White "Gaal, Attila"]
[Black "Korpas, Zoltan"]
[Result "0-1"]
[WhiteElo "2131"]
[BlackElo "2128"]
[PlyCount "67"]
[EventDate "2006.11.12"]
[EventType "team"]
[EventRounds "11"]
[EventCountry "HUN"]
[SourceTitle "EXT 2008"]
[Source "ChessBase"]
[SourceDate "2007.11.25"]
[SourceVersion "1"]
[SourceVersionDate "2007.11.25"]
[SourceQuality "1"]
[WhiteTeam "Szabolcs Volan"]
[BlackTeam "Tiszavasvar"]
[WhiteTeamCountry "HUN"]
[BlackTeamCountry "HUN"]

1. e4 d5 2. exd5 Qxd5 3. Nc3 Qd6 4. g3 Nf6 5. Bg2 c6 6. Nge2 Bg4 7. h3 Bh5 8. d3 e5 9. f4 exf4 10. Bxf4 Qd8 11. Qd2 Bb4 12. g4 Bg6 13. 0-0-0 0-0 14. Bg5 Nbd7 15. Be4 Qa5 16. Bxg6 hxg6 17. a3 Be7 18. h4 Ne5 19. Bxf6 Bxf6 20. g5 Be7 21. Nd4 Rad8 22. Nb3 Qc7 23. Qg2 Qb6 24. Qg3 Bd6 25. Qh3 Nd7 26. Rdg1 Rfe8 27. Ne4 Bf4+ 28. Kb1 Qe3 29. Qg2 Nf8 30. Rh3 Qb6 31. h5 Rd5 32. h6 Rxe4 33. dxe4 Rxg5 34. hxg7 0-1

[Event "HUN-chT2 Barcza 0506"]
[Site "Hungary"]
[Date "2006.04.23"]
[Round "11"]
[White "Korpas, Zoltan"]
[Black "Eberth, Zoltan"]
[Result "1/2-1/2"]
[WhiteElo "2115"]
[BlackElo "2182"]
[PlyCount "145"]
[EventDate "2005.10.16"]
[EventType "team"]
[EventRounds "11"]
[EventCountry "HUN"]
[SourceTitle "EXT 2009"]
[Source "ChessBase"]
[SourceDate "2008.11.26"]
[SourceVersion "1"]
[SourceVersionDate "2008.11.26"]
[SourceQuality "1"]
[WhiteTeam "Tiszavasvar"]
[BlackTeam "Mezokovesd"]
[WhiteTeamCountry "HUN"]
[BlackTeamCountry "HUN"]

1. Nf3 g6 2. d4 Nf6 3. Nbd2 Bg7 4. e3 d6 5. Bd3 Nbd7 6. 0-0 0-0 7. e4 e5 8. dxe5 dxe5 9. Re1 Nh5 10. Nb3 Nf4 11. Bf1 g5 12. g3 Ne6 13. c3 Qf6 14. Be3 Qg6 15. Bg2 Nb6 16. Qe2 h6 17. Rad1 Bf6 18. Nfd2 Kh8 19. Kh1 Rg8 20. Rg1 g4 21. Nc5 Nxc5 22. Bxc5 Be6 23. b3 Bg5 24. Rgf1 Rad8 25. Nb1 Nd7 26. Be3 Nf6 27. c4 b6 28. Nc3 c6 29. c5 Nd7 30. cxb6 axb6 31. Na4 f5 32. exf5 Bxf5 33. Nxb6 Nxb6 34. Bxb6 Bd3 35. Rxd3 Rxd3 36. Be4 Rd2 37. Qc4 Qf6 38. a4 Rb8 39. a5 h5 40. b4 h4 41. Qxc6 Qxc6 42. Bxc6 hxg3 43. hxg3 Kg7 44. Kg2 Ra2 45. b5 Bd8 46. Ba7 Rc8 47. a6 Rxc6 48. bxc6 Rxa6 49. Rd1 Rxa7 50. Rxd8 Kf6 51. Rd6+ Kf5 52. Rd7 Ra6 53. Rf7+ Ke4 54. c7 Rc6 55. Rg7 Kf5 56. Kf1 Ke4 57. Ke1 Kf3 58. Rf7+ Ke4 59. Kd2 Kd4 60. Rg7 e4 61. Rxg4 Rxc7 62. f3 Re7 63. Ke2 Kd5 64. Rf4 exf3+ 65. Kxf3 Rg7 66. g4 Ke5 67. Kg3 Rg6 68. Rf5+ Ke6 69. Kh4 Rg8 70. Kh5 Rh8+ 71. Kg5 Rg8+ 72. Kf4 Rg7 73. g5 1/2-1/2

[Event "HUN-chT2 Barcza 0506"]
[Site "Hungary"]
[Date "2006.03.19"]
[Round "9"]
[White "Korpas, Zoltan"]
[Black "Herman, Tamas"]
[Result "1/2-1/2"]
[WhiteElo "2115"]
[BlackElo "2250"]
[PlyCount "131"]
[EventDate "2005.10.16"]
[EventType "team"]
[EventRounds "11"]
[EventCountry "HUN"]
[SourceTitle "EXT 2009"]
[Source "ChessBase"]
[SourceDate "2008.11.26"]
[SourceVersion "1"]
[SourceVersionDate "2008.11.26"]
[SourceQuality "1"]
[WhiteTeam "Tiszavasvar"]
[BlackTeam "Tiszaujvaros"]
[WhiteTeamCountry "HUN"]
[BlackTeamCountry "HUN"]

1. Nf3 e6 2. d4 c5 3. e3 Nf6 4. Nbd2 d5 5. b3 cxd4 6. exd4 Bb4 7. Bb5+ Bd7 8. Bxd7+ Nbxd7 9. 0-0 Bc3 10. Rb1 Qa5 11. a3 0-0 12. b4 Qc7 13. Nb3 b6 14. Qd3 Rfc8 15. h3 h6 16. Be3 a5 17. bxa5 Bxa5 18. Na1 Bc3 19. Rb3 Bxa1 20. Rxa1 Qxc2 21. Qb5 Ra5 22. Qb4 Rc4 23. Rb2 Qc3 24. Qb3 Ne4 25. Rc1 Qxb3 26. Rxb3 Rxc1+ 27. Bxc1 Ra4 28. Rb4 Rxb4 29. axb4 Nb8 30. Ne5 f6 31. Nd3 Nc6 32. Bb2 Nd6 33. f4 Nb5 34. f5 Ncxd4 35. Nf4 Nxf5 36. Nxe6 Kf7 37. Nf4 Ne7 38. g4 Nd6 39. Bd4 Nc4 40. Kf2 Nc6 41. Bc3 d4 42. Be1 b5 43. Ke2 N4e5 44. Nd5 Na7 45. Bf2 Nec6 46. Kd3 Ke6 47. Ke4 Kd6 48. Bg3+ Kd7 49. Bf2 Nc8 50. Bxd4 Nd6+ 51. Kd3 Nxd4 52. Kxd4 Kc6 53. Ne7+ Kb6 54. Kd5 Nf7 55. Nf5 g6 56. Ne7 h5 57. Nxg6 hxg4 58. hxg4 Nh6 59. Ne7 Nxg4 60. Kd6 Ne3 61. Nc8+ Kb7 62. Ne7 f5 63. Ke5 Nc2 64. Nxf5 Nxb4 65. Nd6+ Kc6 66. Nxb5 1/2-1/2

[Event "HUN-chT2 Barcza 0506"]
[Site "Hungary"]
[Date "2005.11.27"]
[Round "4"]
[White "Adam, Zoltan"]
[Black "Korpas, Zoltan"]
[Result "1/2-1/2"]
[WhiteElo "2042"]
[BlackElo "2115"]
[PlyCount "31"]
[EventDate "2005.10.16"]
[EventType "team"]
[EventRounds "11"]
[EventCountry "HUN"]
[SourceTitle "EXT 2009"]
[Source "ChessBase"]
[SourceDate "2008.11.26"]
[SourceVersion "1"]
[SourceVersionDate "2008.11.26"]
[SourceQuality "1"]
[WhiteTeam "Kozma Auto"]
[BlackTeam "Tiszavasvar"]
[WhiteTeamCountry "HUN"]
[BlackTeamCountry "HUN"]

1. e4 d5 2. exd5 Qxd5 3. Nc3 Qa5 4. d4 Nf6 5. Nf3 c6 6. Bc4 Bf5 7. 0-0 e6 8. Re1 Bb4 9. Bd2 0-0 10. a3 Bxc3 11. Bxc3 Qc7 12. b4 b5 13. Bd3 Nbd7 14. Bd2 Nb6 15. Ne5 Nfd7 16. Bf4 1/2-1/2